000 00559nam a2200229Ia 4500
003 OSt
005 20221005130141.0
006 a|||||r|||| 00| 0
007 ta
008 221004b |||||||| |||| 00| 0 kan d
024 _a60874
037 _cTextual
040 _aCRL
_cCRL
_bkan
041 _2kan
_akan
082 _aO33,3NCH8,1, J2
100 _aChlilaki
_9637664
245 0 _aRaja pururava
260 _c1952
650 _aKANNAD LITERATURE
942 _hO33,3NCH8,1, J2
_cTEXL
_2cc
999 _c1056247
_d1056247